000 00368pab a2200145 454500
008 180718b1989 xxu||||| |||| 00| 0 eng d
100 _aKrishnan, P.G.
245 _aLaw of social security
_bPerspective
260 _c1989
300 _a1-36
362 _aMar.
650 _aInsurance, Social - Legislation
773 _aCochin University Law Review
909 _a11094
999 _c11094
_d11094